000
00321nam a2200121Ia 4500
008
220204s9999 xx 000 0 und d
082
_a
546.21
_b
RAN
245
0
_a
Singlet oxygen: Reactions with organic compounds and polymers
260
_a
New York
_b
John Wiley
_c
1978
700
_a
B
700
_a
Rabek, J K
942
_c
BK
999
_c
29621
_d
29621